000 00618nam a2200253Ia 4500
003 OSt
005 20221007111436.0
006 a|||||r|||| 00| 0
007 ta
008 221006b |||||||| |||| 00| 0 eng d
024 _a23,529
037 _cTextual
040 _aLCO
_cLCO
_beng
041 _2eng
_aeng
082 _aV2:2:(Z), M7
100 _aJain M.P
245 0 _aIndian Constiutional Law
250 _a4th
260 _aNagpur
_bWadhwa & Company India
_c1987
300 _a953
650 _aCONSTITUTION
942 _hV2:2:(Z), M7
_cTEXL
999 _c1193092
_d1193092